Southville International School and Colleges
Your cart is empty.
  • Cart
  • Lists
    Public lists Eva Luna New books Lux_list list_1
    Your lists Log in to create your own lists
  • Log in to your account
  • Your cookies
  • Search history
Southville International School and Colleges
  • Advanced search
  • Recent comments
  • Most popular
  • Libraries

Log in to your account

Log in with GOOGLE


If you do not have an external account, but do have a local account, you can still log in:

  1. Home
  2. MARC view: Computer science :
Normal view MARC view ISBD view

Computer science : (Record no. 368180)

[ view plain ]
MARC details
000 -LEADER
fixed length control field 01059nam a22002297a 4500
003 - CONTROL NUMBER IDENTIFIER
control field 0
005 - DATE AND TIME OF LATEST TRANSACTION
control field 20251003162608.0
008 - FIXED-LENGTH DATA ELEMENTS--GENERAL INFORMATION
fixed length control field 251003b xxu||||| |||| 00| 0 eng d
020 ## - INTERNATIONAL STANDARD BOOK NUMBER
International Standard Book Number 978-1-382-06392-0
050 ## - LIBRARY OF CONGRESS CALL NUMBER
Classification number TR IB .QA 76.9.I5
Item number .M33 2025
100 ## - MAIN ENTRY--PERSONAL NAME
Personal name Mackenty, Bill
Relator term author.
245 ## - TITLE STATEMENT
Title Computer science :
Remainder of title course conpanion /
Statement of responsibility, etc Bill Mackenty, Lindsey Stephensom, and James Abela.
250 ## - EDITION STATEMENT
Edition statement First edition.
260 ## - PUBLICATION, DISTRIBUTION, ETC. (IMPRINT)
Place of publication, distribution, etc Oxford :
Name of publisher, distributor, etc Oxford University Press,
Date of publication, distribution, etc 2025.
300 ## - PHYSICAL DESCRIPTION
Extent 616 pages :
Other physical details illustrations ;
Dimensions 28 cm.
500 ## - GENERAL NOTE
General note “IB-approved content aligned to the 2025 subject guide.” (from publisher) :
520 ## - SUMMARY, ETC.
Summary, etc A comprehensive course book designed to support both Standard Level and Higher Level IB DP Computer Science aligned with the 2025 syllabus, including worked examples, programming guidance, and real-world contexts.
650 ## - SUBJECT ADDED ENTRY--TOPICAL TERM
Topical term or geographic name as entry element Computer science
Form subdivision Textbooks.
650 ## - SUBJECT ADDED ENTRY--TOPICAL TERM
Topical term or geographic name as entry element Computer science—Study and teaching (Secondary)
Form subdivision Textbooks.
650 ## - SUBJECT ADDED ENTRY--TOPICAL TERM
Topical term or geographic name as entry element Programming (Computer science)
Form subdivision Textbooks.
942 ## - ADDED ENTRY ELEMENTS (KOHA)
Source of classification or shelving scheme Library of Congress Classification
Koha item type Books

No items available.

Computer science :

APA

Mackenty B., . (2025). Computer science. Oxford: Oxford University Press.

Chicago

Mackenty Bill, . 2025. Computer science. Oxford: Oxford University Press.

Harvard

Mackenty B., . (2025). Computer science. Oxford: Oxford University Press.

MLA

Mackenty Bill, . Computer science. Oxford: Oxford University Press. 2025.

  • Print
  • Cite
  • Add to your cart (remove)
  • Save record
    BIBTEX Dublin Core MARCXML MARC (non-Unicode/MARC-8) MARC (Unicode/UTF-8) MARC (Unicode/UTF-8, Standard) MODS (XML) RIS
  • More searches
    Search for this title in:
    Other Libraries (WorldCat) Other Databases (Google Scholar) Online Stores (Bookfinder.com) Open Library (openlibrary.org)

Exporting to Dublin Core...

SOUTHVILLE LIBRARY

Southville International School and Colleges Library

1281 Tropical Ave. Cor. Luxembourg St., BF Homes International, Las Pinas City

Tel. No. 8256374 / 252358 Loc. 117/146

Powered by Koha